| 000 | 00980nam a22002417a 4500 | ||
|---|---|---|---|
| 999 |
_c1734 _d1734 |
||
| 003 | AR-CdUCM | ||
| 008 | 190227b ||||| |||| 00| 0 spa d | ||
| 020 | _a9789871310111 | ||
| 040 |
_aMUNICIPALIDAD PROVINCIAL DEL CUSCO _cBIBLIOTECA MUNICIPAL DEL CUSCO |
||
| 082 |
_a248 / _bL947 |
||
| 100 |
_aLudueña, Edgardo _96381 |
||
| 245 |
_aPilares de la Fe : _bCronología Arquitectónica de Obras que Sostuvieron la historia de un pueblo de Españoles / |
||
| 260 |
_aArgentina : _bImprex, _c2007. |
||
| 300 |
_a96 paginas ; _bIlustraciones en blanco y negro. _c21 cm. |
||
| 500 | _aDonación. | ||
| 505 | _aPilare de la fe -- Cronología arquitectónica -- Primer oratorio -- Hospicio religioso del Real y militar orden de nuestra señora de la Merced -- Segundo templo... | ||
| 650 |
_aSeñora de la Merced _96382 |
||
| 650 |
_aLibres para liberar _93705 |
||
| 650 |
_aOrden Mercedaria _96383 |
||
| 650 |
_aOratorios _96384 |
||
| 942 |
_2ddc _cLIBROS |
||
| 945 |
_awnts _d2019-02-27 |
||